| 000 | 01537aam a2200325 i 4500 | ||
|---|---|---|---|
| 001 | 768714001 | ||
| 003 | CO-MdFUSB | ||
| 005 | 20201214104450.0 | ||
| 007 | ta | ||
| 008 | 200515t1966 enk |||| |||| 00| 0 eng d | ||
| 020 | _a[No incluye ISBN] | ||
| 040 |
_bspa. _aCO-MdFUSB _cCO-MdFUSB _dCO-MdFUSBC _erda |
||
| 041 | _aeng | ||
| 082 |
_223 _a270.1 _bB259 |
||
| 100 | 1 |
_aBarnard, L. W. _eautor |
|
| 245 | 1 | 0 |
_aStudies in the apostolic fathers and their background _c/ L. W. Barnard |
| 264 | 1 |
_aOxford, inglaterra : _bBasil Blackwell, _c[1966] |
|
| 264 | 4 | _c© 1966 | |
| 300 |
_a177 páginas _c; 23 cm |
||
| 336 |
_atexto _btxt _2rdacontent |
||
| 337 |
_2rdamedia _asin mediación _bn |
||
| 338 |
_2rdacarrier _avolumen _bnc |
||
| 505 | _aSan Clemente de Roma y la persecución de Domiciano - El trasfondo de San Ignacio de Antioquía - El problema de la epístola de San Policarpo a los Filipenses - Judaísmo en Egipto AD 70-135 - San Esteban y los inicios del cristianismo de Alejandría - ¿Es la epístola de Bernabé una homilía pascual? - Los rollos del Mar Muerto, Bernabé, la Didajé y la historia posterior de los "Dos Caminos" - El uso de testimonios en la iglesia primitiva y en la epístola de Bernabé - Adriano y el cristianismo - Hermas, la iglesia y el judaísmo - El enigma de la epístola a Diogneto | ||
| 563 | _aPasta dura | ||
| 650 | 7 |
_959 _aPadres de la Iglesia |
|
| 650 | 7 |
_9659 _aIglesia _xHistoria _y(Iglesia primitiva), ca. 0030-0600 |
|
| 942 | _cBK | ||
| 945 | _aJTF-925 | ||
| 999 |
_c46026 _d46026 |
||